000 00775nam a22001577a 4500
003 LRUA
005 20191024150631.0
008 191024b xxu||||| |||| 00| 0 eng d
040 _cRUA
082 _aAVM BOU 2018 B649 Or.1
100 _913964
_aBOU CHHEKO ប៊ូ ឆេកូ
245 _aefficacy of garlic ( allium sativum L.) juice on parasites in chicken digestive system at battambang province ប្រសិទ្ធភាពនៃទឹកខ្ទឹមនៅលើបរាសិទ្ធក្នុងប្រដាប់រំលាយអាហាមាន់ស្រែក្នុងក្រុងបាត់ដំបង ខេត្តបាត់ដំបង
260 _aRUA
_bPhnom penh
_c2018
300 _axi;46p
_bill;
_c29cm
942 _2ddc
_cAVM
999 _c18323
_d18323